| 000 | 00585nam a22002177a 4500 | ||
|---|---|---|---|
| 005 | 20170124110123.0 | ||
| 010 | _a554963 | ||
| 020 | _c00.00 | ||
| 035 | _a554963 | ||
| 037 | _bCen Lib/Ret | ||
| 040 |
_aDPL _bEN |
||
| 082 |
_aN _bKET |
||
| 100 |
_aKettle, Pamela _931072 |
||
| 245 |
_aThe day of the women / _cby Pamela Kettle |
||
| 260 |
_aLondon _bFrewin _c1969 |
||
| 270 |
_aOne New Quebec Street, Marble Arch _bLondon |
||
| 300 |
_a207p. _c19cm(Hb) |
||
| 650 |
_aWomen prime ministers _927476 |
||
| 650 |
_aFuture, The, in literature _931073 |
||
| 942 |
_2ddc _cEN _hN _mKET |
||
| 999 |
_c131181 _d131181 |
||